000 00717nam a2200277Ia 4500
005 20260324115335.0
008 008 260324s9999 xx 000 0 eng d
020 _a9780429435270
037 _aEBOOK
040 _aCRL
040 _beng
040 _cCRL
041 _2eng
041 _aeng
084 _qCRL
100 _aAhmed Seffah; Christina Braz; Bilal Naqvi
_91154283
245 0 _aIntegrating a Usable Security Protocol into User Authentication Services Design Process
260 _bTaylor and Francis
260 _c2018
365 _a
365 _b225
856 _uhttp://www.taylorfrancis.com/books/9780429435270
942 _cEBOOK
999 _c1745101
_d1745101